| 000 | 00426nam a2200157 i 4500 | ||
|---|---|---|---|
| 001 | 89734 | ||
| 003 | ES-MaACL | ||
| 005 | 20230906180245.0 | ||
| 007 | t| | ||
| 008 | 050112s1962 sp ||||1| spa d | ||
| 100 | 1 |
_aLawrence, T. E. _9143370 |
|
| 245 | 1 | 0 |
_aRebelión en el desierto / _cT.E. Lawrence. |
| 260 |
_aBarcelona : _bJuventud, _c[1962] |
||
| 300 |
_a347 p., 4 lám. ; _c18 cm. |
||
| 852 |
_aES-MaACL _jE-5981 _bR.90622 |
||
| 999 |
_c89734 _d89734 |
||